[Event "RUS-chT2"]
[Site "Sochi"]
[Date "2024.05.02"]
[Round "2.17"]
[White "Korchmar, Vasiliy"]
[Black "Fedosov, Alexander"]
[Result "1-0"]
[WhiteElo "2424"]
[BlackElo "2229"]
[PlyCount "82"]
[EventDate "2024.05.01"]
[EventType "team-swiss"]
[EventRounds "9"]
[EventCountry "RUS"]
[SourceTitle "CB21_2024"]
[SourceDate "2024.05.22"]
[SourceVersion "1"]
[SourceVersionDate "2024.05.22"]
[SourceQuality "1"]
[WhiteTeam "Muromtsev Akademiya"]
[BlackTeam "ANOO Primak Gymnasium"]
[WhiteTeamCountry "RUS"]
[BlackTeamCountry "RUS"]

1. c4 Nf6 2. Nc3 e6 3. e4 d5 4. e5 d4 5. exf6 dxc3 6. bxc3 Qxf6 7. Nf3 b6 8. d4 Bb7 9. Bd3 Bxf3 10. Qxf3 Qxf3 11. gxf3 Bd6 12. Be4 c6 13. f4 f5 14. Bf3 Kd7 15. Rg1 g6 16. a4 Na6 17. Be3 Rab8 18. Ke2 c5 19. Rgb1 cxd4 20. cxd4 Rhc8 21. a5 Nb4 22. axb6 axb6 23. Ra7+ Rc7 24. Ra4 b5 25. Raxb4 Bxb4 26. Rxb4 Rxc4 27. Rb3 Ra4 28. Kd3 b4 29. Kc2 Ra1 30. Kb2 Re1 31. Rd3 Ke7 32. d5 exd5 33. Rxd5 Rd8 34. Rb5 Rd7 35. Rxb4 Kf7 36. Bd4 Rf1 37. Kc3 Rc1+ 38. Kd2 Ra1 39. Bd1 Ra2+ 40. Ke3 Ra5 41. Bb3+ Ke7 1-0

[Event "Moscow-ch op Superfinal"]
[Site "Ershovo"]
[Date "2024.02.25"]
[Round "4"]
[White "Fedosov, Alexander"]
[Black "Ovod, Evgenija"]
[Result "0-1"]
[WhiteElo "1904"]
[BlackElo "2260"]
[PlyCount "104"]
[EventDate "2024.02.23"]
[EventType "swiss"]
[EventRounds "10"]
[EventCountry "RUS"]
[SourceTitle "CB10_2024"]
[SourceDate "2024.03.06"]
[SourceVersion "1"]
[SourceVersionDate "2024.03.06"]
[SourceQuality "1"]

1. d4 Nf6 2. Nf3 c5 3. g3 cxd4 4. Nxd4 Nc6 5. Bg2 h5 6. h4 g6 7. 0-0 Bg7 8. c4 Ng4 9. Nxc6 dxc6 10. Qxd8+ Kxd8 11. Rd1+ Kc7 12. Bf4+ e5 13. Bd2 Be6 14. Na3 Rhd8 15. Ba5+ b6 16. Bc3 Bf8 17. Rxd8 Rxd8 18. Rc1 f6 19. Be1 a5 20. c5 Bd5 21. cxb6+ Kxb6 22. Nb1 a4 23. Nc3 a3 24. b3 f5 25. Rd1 e4 26. Bd2 Kb7 27. Bg5 Rd7 28. Bc1 Bc5 29. e3 Ne5 30. Bf1 Bb4 31. Na4 c5 32. Bb5 Bc6 33. Rxd7+ Bxd7 34. Bxd7 Nxd7 35. Kf1 Ne5 36. Ke2 Nf3 37. Kd1 Ka6 38. Kc2 Ka5 39. Kd1 c4 40. Kc2 Ne1+ 41. Kd1 cxb3 42. axb3 Nd3 43. Kc2 Nxc1 44. Kxc1 Be1 45. Kb1 Bxf2 46. Nc3 Bxg3 47. Nd5 Bxh4 48. Nf4 Bg3 49. Nxg6 h4 50. Ne7 h3 51. Nxf5 Be1 52. b4+ Ka4 0-1

[Event "Wch U12"]
[Site "Batumi"]
[Date "2022.09.27"]
[Round "11"]
[White "Fedosov, Alexander"]
[Black "Besou, Hussain"]
[Result "0-1"]
[WhiteElo "1956"]
[BlackElo "2119"]
[PlyCount "76"]
[EventDate "2022.09.16"]
[EventType "swiss"]
[EventRounds "11"]
[EventCountry "GEO"]
[SourceTitle "EXT 2023"]
[Source "ChessBase"]
[SourceDate "2022.10.05"]
[SourceVersion "1"]
[SourceVersionDate "2022.10.05"]
[SourceQuality "1"]

1. e4 c5 2. b4 cxb4 3. a3 bxa3 4. d4 d6 5. Nf3 Nf6 6. Bd3 g6 7. 0-0 Bg7 8. Nxa3 0-0 9. c3 Nbd7 10. Nc4 Qc7 11. Qb3 d5 12. exd5 Nxd5 13. Bd2 b6 14. Ne3 Nf4 15. Be4 Bb7 16. Bxb7 Qxb7 17. Nc4 Ne6 18. Ne3 Nc7 19. c4 e5 20. d5 e4 21. Ng5 Nc5 22. Qc2 Rae8 23. Bc3 f6 24. Nh3 N7a6 25. Qa2 Rf7 26. Nf4 Nb8 27. Ne2 a6 28. Rfb1 Nbd7 29. Rd1 Ne5 30. Rab1 Bf8 31. Nd4 f5 32. Qa1 f4 33. Nf1 Nxc4 34. Qa2 Qxd5 35. Nc2 Nd3 36. Qxa6 Bc5 37. Nb4 Bxb4 38. Bxb4 Ra8 0-1

[Event "Wch U12"]
[Site "Batumi"]
[Date "2022.09.24"]
[Round "8"]
[White "Mahmudzade, Yunis"]
[Black "Fedosov, Alexander"]
[Result "1/2-1/2"]
[WhiteElo "1527"]
[BlackElo "1956"]
[PlyCount "210"]
[EventDate "2022.09.16"]
[EventType "swiss"]
[EventRounds "11"]
[EventCountry "GEO"]
[SourceTitle "EXT 2023"]
[Source "ChessBase"]
[SourceDate "2022.10.05"]
[SourceVersion "1"]
[SourceVersionDate "2022.10.05"]
[SourceQuality "1"]

1. d4 Nf6 2. Nf3 g6 3. c4 Bg7 4. Nc3 d5 5. cxd5 Nxd5 6. e4 Nxc3 7. bxc3 c5 8. Be2 0-0 9. 0-0 b6 10. Be3 Bb7 11. Qc2 e6 12. dxc5 Qc7 13. cxb6 axb6 14. Nd4 Nd7 15. Rfd1 Ne5 16. Nb5 Qc6 17. Rd6 Qxe4 18. Qxe4 Bxe4 19. Bxb6 Rfb8 20. Be3 Bd5 21. a4 Nc4 22. Bxc4 Bxc4 23. Rad1 Bb3 24. R1d2 Bxa4 25. c4 Bb3 26. g3 Bxc4 27. Nc7 Ra1+ 28. Kg2 Bf6 29. Bh6 Bf1+ 30. Kf3 Ra3+ 31. Kg4 Rb4+ 32. f4 Rb8 33. Bg5 Bxg5 34. Kxg5 Kg7 35. Nxe6+ fxe6 36. Rd7+ Kg8 37. Kh6 Ra5 38. g4 Rd5 39. Rg7+ Kf8 40. Rc2 Bd3 41. Rcc7 g5 42. f5 exf5 43. Kxh7 fxg4+ 44. Kh8 Rd7 45. Rcxd7 Bc4 46. Rxg5 Be6 47. Ra7 Rb2 48. Rh5 Rf2 49. Rhh7 Rf7 50. Rhxf7+ Bxf7 51. Kh7 Bh5 52. Kh6 Bf7 53. Kg5 Bb3 54. Kxg4 Kg8 55. Ra3 Bc4 56. Kg5 Kg7 57. h4 Bd5 58. h5 Bc4 59. h6+ Kh7 60. Ra7+ Kh8 61. h7 Bd5 62. Kh6 Bb7 63. Ra1 Be4 64. Ra7 Bb7 65. Kg6 Be4+ 66. Kh6 Bb7 67. Kg5 Be4 68. Kh6 Bb7 69. Ra5 Be4 70. Ra7 Bb7 71. Kg6 Be4+ 72. Kf7 Kxh7 73. Rd7 Bc2 74. Rc7 Bb3+ 75. Kf8+ Kg6 76. Rc6+ Kf5 77. Ke7 Ke5 78. Rc5+ Ke4 79. Kd6 Ba2 80. Rc2 Bb3 81. Rb2 Bg8 82. Ke7 Ke5 83. Rg2 Bb3 84. Rg5+ Ke4 85. Kd6 Ba2 86. Rg2 Bb3 87. Rg4+ Kf5 88. Rg3 Ba2 89. Rg2 Bb3 90. Rb2 Bg8 91. Ke7 Bc4 92. Rc2 Bb3 93. Rc3 Ba2 94. Kd6 Ke4 95. Kc5 Bg8 96. Rc1 Kf5 97. Rg1 Bb3 98. Kd4 Ke6 99. Rb1 Bc2 100. Rb2 Bd1 101. Rb6+ Kf5 102. Ke3 Ke5 103. Rb4 Bc2 104. Rc4 Bb1 105. Rc5+ Ke6 1/2-1/2

[Event "Wch U12"]
[Site "Batumi"]
[Date "2022.09.17"]
[Round "2"]
[White "Harutyunyan, Arman G"]
[Black "Fedosov, Alexander"]
[Result "1/2-1/2"]
[WhiteElo "1674"]
[BlackElo "1956"]
[PlyCount "90"]
[EventDate "2022.09.16"]
[EventType "swiss"]
[EventRounds "11"]
[EventCountry "GEO"]
[SourceTitle "EXT 2023"]
[Source "ChessBase"]
[SourceDate "2022.10.05"]
[SourceVersion "1"]
[SourceVersionDate "2022.10.05"]
[SourceQuality "1"]

1. d4 Nf6 2. c4 g6 3. Nc3 d5 4. Bg5 Bg7 5. Bxf6 Bxf6 6. cxd5 c5 7. dxc5 Nd7 8. e3 Nxc5 9. Bb5+ Kf8 10. Nge2 a6 11. Bd3 b5 12. a3 Bb7 13. 0-0 Bxd5 14. Nxd5 Qxd5 15. Nf4 Qb3 16. Rc1 Qxd1 17. Rfxd1 Nxd3 18. Nxd3 Kg7 19. Kf1 Rac8 20. Ke2 Rc4 21. b3 Rcc8 22. Kd2 e5 23. Rxc8 Rxc8 24. Rc1 Rd8 25. f3 Be7 26. b4 a5 27. Ke2 axb4 28. axb4 e4 29. fxe4 Ra8 30. Rc7 Ra2+ 31. Kf3 Bd6 32. Rb7 Rd2 33. e5 Rxd3 34. exd6 Rxd6 35. Rxb5 Rd2 36. Rb8 Rb2 37. b5 h5 38. h3 Kf6 39. b6 Kf5 40. h4 Rb4 41. g3 Rb3 42. b7 Kf6 43. Kf4 Rb1 44. Kf3 Rb3 45. Ke4 Rb1 1/2-1/2

[Event "Tuapse Rapid op"]
[Site "Tuapse"]
[Date "2022.06.26"]
[Round "2"]
[White "Turov, Maxim"]
[Black "Fedosov, Alexander"]
[Result "1-0"]
[WhiteElo "2565"]
[BlackElo "1870"]
[PlyCount "53"]
[EventDate "2022.06.26"]
[EventType "swiss (rapid)"]
[EventRounds "11"]
[EventCountry "RUS"]
[SourceTitle "CBM 209 Extra"]
[Source "ChessBase"]
[SourceDate "2022.09.30"]
[SourceVersion "1"]
[SourceVersionDate "2022.09.30"]
[SourceQuality "1"]

1. e4 c6 2. d4 d5 3. f3 dxe4 4. fxe4 e5 5. Nf3 Be6 6. c3 Nd7 7. Bd3 Bd6 8. 0-0 Ngf6 9. Kh1 Qc7 10. Be3 0-0-0 11. Nbd2 h6 12. Qc2 Rhe8 13. b4 exd4 14. cxd4 Bxb4 15. Rab1 Ba5 16. Bf2 Nh5 17. d5 cxd5 18. Qa4 Nf4 19. Rfc1 Nxd3 20. Rxc7+ Bxc7 21. Qxa7 Nxf2+ 22. Kg1 b6 23. Qa6+ Kb8 24. Nd4 Ne5 25. Nb5 Re7 26. Nxc7 Rxc7 27. Rxb6+ 1-0

[Event "Tuapse op"]
[Site "Tuapse"]
[Date "2022.06.17"]
[Round "1"]
[White "Fedosov, Alexander"]
[Black "Kiselev, Pavel"]
[Result "0-1"]
[WhiteElo "1768"]
[BlackElo "2281"]
[PlyCount "86"]
[EventDate "2022.06.17"]
[EventType "swiss"]
[EventRounds "9"]
[EventCountry "RUS"]
[SourceTitle "CBM 209 Extra"]
[Source "ChessBase"]
[SourceDate "2022.09.30"]
[SourceVersion "1"]
[SourceVersionDate "2022.09.30"]
[SourceQuality "1"]

1. Nf3 Nf6 2. g3 d5 3. Bg2 e6 4. 0-0 Be7 5. d4 0-0 6. c4 c6 7. Qc2 b6 8. Nbd2 Bb7 9. e4 Na6 10. cxd5 cxd5 11. e5 Nd7 12. a3 Rc8 13. Qd3 Nab8 14. Re1 a5 15. Nf1 Ba6 16. Qd1 Qc7 17. Ne3 b5 18. h4 b4 19. h5 bxa3 20. bxa3 Nb6 21. Nh2 h6 22. f4 Nc4 23. f5 Bg5 24. Nxc4 Bxc4 25. Bxg5 hxg5 26. Bh3 exf5 27. Bxf5 Rce8 28. Qg4 Nc6 29. Nf3 f6 30. exf6 gxf6 31. Bd7 Re4 32. Rxe4 dxe4 33. Nxg5 Kh8 34. Nxe4 Nxd4 35. Qg6 Ne2+ 36. Kh2 Qxd7 37. Qh6+ Kg8 38. Nxf6+ Rxf6 39. Qxf6 Qg4 40. Qd8+ Kh7 41. Qe7+ Kh6 42. Qd6+ Be6 43. Qe5 Qh3# 0-1

[Event "Anapa Sea Harbor Cup"]
[Site "Anapa"]
[Date "2022.06.02"]
[Round "1"]
[White "Fedosov, Alexander"]
[Black "Gochelashvili, David"]
[Result "1-0"]
[WhiteElo "1768"]
[BlackElo "2338"]
[PlyCount "87"]
[EventDate "2022.06.02"]
[EventType "swiss"]
[EventRounds "9"]
[EventCountry "RUS"]
[SourceTitle "CBM 208 Extra"]
[Source "ChessBase"]
[SourceDate "2022.07.31"]
[SourceVersion "1"]
[SourceVersionDate "2022.07.31"]
[SourceQuality "1"]

1. Nf3 c5 2. g3 g6 3. Bg2 Bg7 4. d4 Nc6 5. d5 Na5 6. 0-0 b5 7. e4 d6 8. Qe2 a6 9. e5 Nc4 10. e6 fxe6 11. Ng5 e5 12. Ne6 Bxe6 13. dxe6 d5 14. Nc3 e4 15. a4 Rb8 16. axb5 axb5 17. Bf4 Bxc3 18. bxc3 Nf6 19. Bh6 Qb6 20. Bh3 Rg8 21. Ra2 g5 22. Bf5 Nd6 23. g4 Kd8 24. Rfa1 Nxf5 25. gxf5 Qc7 26. Ra8 c4 27. h3 d4 28. Qd2 d3 29. cxd3 exd3 30. Qe3 Kc8 31. R1a7 Qd6 32. Ra6 Qc7 33. R8a7 Rb7 34. Rxb7 Qxb7 35. Qc5+ Kb8 36. Rb6 d2 37. Rxb7+ Kxb7 38. Qd4 b4 39. Qxd2 b3 40. Qe2 Rc8 41. Bxg5 Nd5 42. Qe4 Rc5 43. Bxe7 Rb5 44. Ba3 1-0

[Event "RUS-ch Rapid"]
[Site "Sochi"]
[Date "2021.10.12"]
[Round "1"]
[White "Fedosov, Alexander"]
[Black "Khanin, Semen"]
[Result "0-1"]
[WhiteElo "1701"]
[BlackElo "2521"]
[PlyCount "56"]
[EventDate "2021.10.12"]
[EventType "swiss (rapid)"]
[EventRounds "11"]
[EventCountry "RUS"]
[SourceTitle "CBM 204 Extra"]
[Source "ChessBase"]
[SourceDate "2021.11.30"]
[SourceVersion "1"]
[SourceVersionDate "2021.11.30"]
[SourceQuality "1"]

1. Nf3 d5 2. g3 Bg4 3. Ne5 Bf5 4. d4 Nf6 5. Bg2 e6 6. 0-0 Be7 7. c4 c6 8. Qb3 Qb6 9. c5 Qxb3 10. axb3 Nbd7 11. Nxd7 Nxd7 12. b4 0-0 13. Nc3 e5 14. dxe5 Nxe5 15. Bf4 Ng6 16. e4 dxe4 17. Bxe4 Bxe4 18. Nxe4 Nxf4 19. gxf4 a6 20. f5 Rfe8 21. Rad1 Rad8 22. Rfe1 Kf8 23. Kg2 Rd5 24. Nc3 Rxf5 25. Rd7 Bxc5 26. Rxe8+ Kxe8 27. Rxb7 Rxf2+ 28. Kh3 Bd6 0-1

[Event "Moscow-ch final"]
[Site "Moscow"]
[Date "2020.09.21"]
[Round "9"]
[White "Fedosov, Alexander"]
[Black "Rostovtsev, Dmitry"]
[Result "1/2-1/2"]
[WhiteElo "1324"]
[BlackElo "1737"]
[PlyCount "136"]
[EventDate "2020.09.13"]
[EventType "swiss"]
[EventRounds "9"]
[EventCountry "RUS"]
[SourceTitle "CBM 198 Extra"]
[Source "ChessBase"]
[SourceDate "2020.11.30"]
[SourceVersion "1"]
[SourceVersionDate "2020.11.30"]
[SourceQuality "1"]

1. d4 Nf6 2. Nf3 g6 3. c4 Bg7 4. g3 0-0 5. Bg2 c6 6. 0-0 d5 7. cxd5 cxd5 8. Nc3 Bf5 9. Ne5 Nc6 10. Nxc6 bxc6 11. Bf4 Ne8 12. Rc1 Qb6 13. Na4 Qxd4 14. Rxc6 Bd7 15. Qxd4 Bxd4 16. Ra6 e6 17. Rd1 Bg7 18. Nb6 Nc7 19. Nxd7 Nxa6 20. Nxf8 Kxf8 21. Bd6+ Ke8 22. e4 Rd8 23. e5 Bf8 24. Bxf8 Kxf8 25. Bf1 Nb4 26. a3 Nc6 27. f4 Rb8 28. b4 Ke7 29. Kf2 Kd7 30. Ke3 g5 31. Rc1 gxf4+ 32. gxf4 a5 33. b5 Na7 34. a4 Nc8 35. f5 Ne7 36. Bh3 exf5 37. Kf4 Rg8 38. Bxf5+ Nxf5 39. Kxf5 Rg2 40. b6 Rf2+ 41. Kg5 Rb2 42. Rc5 Rxb6 43. Rxd5+ Ke6 44. Rxa5 Rb2 45. h4 Rg2+ 46. Kf4 Rf2+ 47. Kg3 Ra2 48. Kg4 Rg2+ 49. Kh5 Rh2 50. Rb5 Ra2 51. a5 Ra4 52. Kg5 h6+ 53. Kh5 Kf5 54. Rb7 Kxe5 55. Rxf7 Rxa5 56. Kxh6 Ke6 57. Rf1 Ra2 58. h5 Rg2 59. Kh7 Ke7 60. h6 Rg3 61. Kh8 Rg6 62. h7 Rg2 63. Ra1 Kf8 64. Ra8+ Kf7 65. Rg8 Rb2 66. Rg7+ Kf8 67. Rg3 Rf2 68. Rf3+ Rxf3 1/2-1/2

[Event "Moscow-ch final"]
[Site "Moscow"]
[Date "2020.09.18"]
[Round "6"]
[White "Fedosov, Alexander"]
[Black "Tunik, Sergey"]
[Result "1/2-1/2"]
[WhiteElo "1324"]
[BlackElo "2160"]
[PlyCount "123"]
[EventDate "2020.09.13"]
[EventType "swiss"]
[EventRounds "9"]
[EventCountry "RUS"]
[SourceTitle "CBM 198 Extra"]
[Source "ChessBase"]
[SourceDate "2020.11.30"]
[SourceVersion "1"]
[SourceVersionDate "2020.11.30"]
[SourceQuality "1"]

1. d4 c5 2. d5 e5 3. e4 d6 4. Nf3 g6 5. Nc3 a6 6. a4 h5 7. Nd2 Bh6 8. Nc4 Qc7 9. Bxh6 Nxh6 10. Qd2 Nd7 11. f4 f6 12. fxe5 Nxe5 13. Qf4 Qd8 14. Be2 Nxc4 15. Bxc4 Ng4 16. 0-0 0-0 17. h3 Ne5 18. Be2 b6 19. g4 hxg4 20. hxg4 Ra7 21. Kg2 f5 22. Rh1 fxg4 23. Qh6 Qf6 24. Raf1 Nf3 25. Bxf3 gxf3+ 26. Kf2 Qd4+ 27. Qe3 Kg7 28. Rd1 Qxe3+ 29. Kxe3 Raf7 30. Kf2 g5 31. Rdg1 g4 32. Nd1 Re7 33. Ke3 Rfe8 34. Nf2 Kg6 35. Kd3 Rxe4 36. Nxe4 Bf5 37. Rxg4+ Bxg4 38. Rg1 Rxe4 39. Kxe4 Kg5 40. c4 f2 41. Rf1 Be2 42. Rxf2 Bxc4 43. Rf8 Bb3 44. Rb8 Bc2+ 45. Ke3 b5 46. axb5 axb5 47. Rb6 Kf5 48. Rxd6 Ke5 49. Rd8 b4 50. d6 Bf5 51. Kd2 Kd5 52. d7 Kd6 53. Ke3 Bxd7 54. Ke4 Ke6 55. Rh8 Bc6+ 56. Ke3 Kd5 57. b3 Bd7 58. Rh5+ Kd6 59. Rh8 Be6 60. Rh6 Ke5 61. Rh5+ Kd6 62. Ke4 1/2-1/2

[Event "Wch-ch U08 rapid"]
[Site "Minsk"]
[Date "2019.08.17"]
[Round "7"]
[White "Fedosov, Alexander"]
[Black "Karimli, Yusif"]
[Result "1/2-1/2"]
[WhiteElo "1309"]
[BlackElo "1227"]
[PlyCount "89"]
[EventDate "2019.08.16"]
[EventType "swiss (rapid)"]
[EventRounds "9"]
[EventCountry "BLR"]
[SourceTitle "EXT 2020"]
[Source "ChessBase"]
[SourceDate "2019.10.17"]
[SourceVersion "1"]
[SourceVersionDate "2019.10.17"]
[SourceQuality "1"]

1. e4 e6 2. d4 d5 3. Nd2 dxe4 4. Nxe4 Bd7 5. Nf3 Bc6 6. Bd3 Nd7 7. 0-0 Ngf6 8. Re1 Nxe4 9. Bxe4 Bxe4 10. Rxe4 Nf6 11. Re1 Be7 12. Bf4 0-0 13. c3 c5 14. dxc5 Bxc5 15. Be3 Bxe3 16. Rxe3 Qc7 17. Qe2 Qf4 18. g3 Qc7 19. Rd1 Rfd8 20. Red3 Rxd3 21. Rxd3 Qa5 22. a3 Rc8 23. Qe5 Qb6 24. Qd4 Qxd4 25. Rxd4 Nd5 26. c4 Nb6 27. b3 a5 28. Rd6 Na8 29. a4 Kf8 30. Ne5 f6 31. Nd7+ Ke7 32. Nb6 Kxd6 33. Nxc8+ Kd7 34. Na7 Kd6 35. Nb5+ Kc5 36. Kf1 e5 37. Ke2 Kb4 38. Kd3 Kxb3 39. Nd6 b6 40. Ne8 Kxa4 41. Kc3 Ka3 42. Nxg7 Nc7 43. Nh5 Ne8 44. g4 a4 45. f3 1/2-1/2

[Event "EU-ch U08"]
[Site "Bratislava"]
[Date "2019.08.10"]
[Round "9"]
[White "Fedosov, Alexander"]
[Black "Besou, Hussain"]
[Result "1/2-1/2"]
[WhiteElo "1160"]
[BlackElo "1766"]
[PlyCount "72"]
[EventDate "2019.08.02"]
[EventType "swiss"]
[EventRounds "9"]
[EventCountry "SVK"]
[SourceTitle "EXT 2020"]
[Source "ChessBase"]
[SourceDate "2019.10.17"]
[SourceVersion "1"]
[SourceVersionDate "2019.10.17"]
[SourceQuality "1"]

1. e4 c5 2. Nf3 e6 3. d4 cxd4 4. Nxd4 Nf6 5. Nc3 d6 6. g4 h6 7. h4 Be7 8. Be3 d5 9. f3 e5 10. Bb5+ Kf8 11. Nde2 d4 12. Nxd4 exd4 13. Bxd4 a6 14. Be2 Nc6 15. Be3 Qxd1+ 16. Rxd1 b5 17. Kf2 Be6 18. Nd5 Bxd5 19. exd5 Ne5 20. d6 Bd8 21. g5 Nfd7 22. f4 Nc4 23. Bxc4 bxc4 24. b3 cxb3 25. axb3 hxg5 26. hxg5 Rxh1 27. Rxh1 Kg8 28. c4 Rc8 29. Rc1 a5 30. c5 Rc6 31. Ke2 Nb8 32. Kd3 Kf8 33. Rh1 Kg8 34. Bd4 Rc8 35. Kc4 Nc6 36. Bc3 Rb8 1/2-1/2